000 00696nam a2200253Ia 4500
003 OSt
005 20221006144011.0
006 a|||||r|||| 00| 0
007 ta
008 221006b |||||||| |||| 00| 0 eng d
020 _a084766158X
_cP14.95
024 _a10,619
037 _cTextual
040 _aEASL
_cEASL
_beng
041 _2eng
_aeng
082 _aW41,8.N5, L9
100 _aFLEMING Marie
245 0 _aAnarchist way to socialism
_b Elisee reclus and nineteeth-century European anarchism
260 _aLondon
_bCroom helm
_c1979
300 _a277p.
_ccm.
490 _v CEL
942 _hW41,8.N5, L9
_cTEXL
_2CC
999 _c1078705
_d1078705